000 00794nam a2200253 a 4500
001 708
003 BR-CuiBMT
005 20231114004433.0
008 231110s2020 mgb 000 0 por d
020 _a9788545006961
040 _aBR-CuiBMT
_cBR-CuiBMT
080 _a342.9
_22007
_x(079.1)
090 _a342.9(079.1)
_bT727c
100 1 _aTourinho, Rita
245 1 0 _aConcurso público :
_banálise abrangente de questões doutrinárias, legais e jurisprudenciais /
_cRita Tourinho.
260 _aBelo Horizonte :
_bFórum,
_c2020.
300 _a312 p. ;
_c22 cm
504 _aInclui bibliografia.
650 _aNormas jurídicas
_xConcursos
650 _aDireito administrativo
650 _aOrdenamento jurídico
650 _aSistema jurídico
_xQuestões doutrinárias
942 _2udc
_cLV
999 _c708
_d708